Statistics for Click the Person on the Money - U.S.

Click here to take the quiz!

General Stats

  • This quiz has been taken 34 times
  • The average score is 10 of 14

Answer Stats

HintAnswer% Correct
PennyAbraham Lincoln
96%
$1 billGeorge Washington
92%
$20 billAndrew Jackson
83%
$100 billBenjamin Franklin
79%
QuarterGeorge Washington
75%
$50 billUlysses S. Grant
75%
$10 billAlexander Hamilton
71%
$5 billAbraham Lincoln
67%
DimeFranklin D. Roosevelt
67%
Dollar coin (1979–1981)Susan B. Anthony
67%
NickleThomas Jefferson
67%
$2 billThomas Jefferson
63%
Fifty-cent-pieceJohn F. Kennedy
58%
Dollar coin (1971–1978)Dwight D. Eisenhower
13%

Score Distribution

Percentile by Number Answered

Percent of People with Each Score

Your Score History

You have not taken this quiz